Mutiara hikmah daripada Al-Quran & As-Sunnah

Bibliographic Details
Main Author: Al-Qarni, Aidh Abdullah
Other Authors: Mohd. Puzhi Usop, Yahya Nuryadi
Format: Book
Published: Kuala Lumpur : Al-Hidayah Publishers , 2008
Subjects:

MARC

LEADER 00000cam a2200000 7i4500
001 0000028789
005 20100108.0
008 100108
020 |a 9830998268 
090 0 0 |a 297.57   |b QAR 
100 1 |a Al-Qarni, Aidh Abdullah 
245 1 0 |a Mutiara hikmah daripada Al-Quran & As-Sunnah   |c Aidh Abdullah Al-Qarni 
260 |a Kuala Lumpur :   |b Al-Hidayah Publishers ,   |c 2008 
500 |a Mengandungi ayat-ayat dari Al-Quran 
650 0 |a Islam   |x customs and practices 
650 0 |a Religious life   |x Islam 
700 1 |a Mohd. Puzhi Usop 
700 1 |a Yahya Nuryadi 
999 |a 0001059007   |b Book   |c Adult Collection   |e Perbadanan Perpustakaan Awam Johor 
999 |a 0001059009   |b Book   |c Adult Collection   |e Perbadanan Perpustakaan Awam Johor